000 00321nam a22001217a 4500
003 SGT
082 _a891.4309
_bN14S
100 _aसम्पादक, मनीषी
245 _aनारायण दत्त
260 _bस्प्रे संग्राहलय
_c2014
300 _a155
942 _2ddc
_cBK
999 _c31398
_d31398